| 000 | 00352nam a22001337a 4500 | ||
|---|---|---|---|
| 082 |
_a532 _bCUR _cL-37,P-52 |
||
| 100 |
_aCurrie I.G _939954 |
||
| 110 |
_aMcGRAW hILL, inc New York _939955 |
||
| 245 | _aFundamental mechanics of Fluids | ||
| 260 | _aNew York | ||
| 300 |
_a454p.: _bill.; |
||
| 526 |
_a0 _b0 _c0 _d532_000000000000000_CUR |
||
| 942 |
_2ddc _cBK |
||
| 999 |
_c544338 _d544338 |
||